[Event "Foment Martinenc op-B 21st"]
[Site "Barcelona"]
[Date "2019.06.15"]
[Round "8"]
[White "Petit Vidal, Enric"]
[Black "Quiles Olive, Manuel"]
[Result "0-1"]
[WhiteElo "1264"]
[BlackElo "1817"]
[PlyCount "76"]
[EventDate "2019.04.27"]
[EventType "swiss"]
[EventRounds "9"]
[EventCountry "ESP"]
[SourceTitle "EXT 2020"]
[Source "ChessBase"]
[SourceDate "2019.10.17"]
[SourceVersion "1"]
[SourceVersionDate "2019.10.17"]
[SourceQuality "1"]

1. d4 Nf6 2. Nf3 g6 3. e3 Bg7 4. Bd3 0-0 5. c3 d6 6. e4 c5 7. 0-0 Nbd7 8. e5 dxe5 9. dxe5 Ng4 10. e6 fxe6 11. Qb3 Nde5 12. Nxe5 Nxe5 13. Be4 Qb6 14. Qc2 Bd7 15. Be3 Nc4 16. Bc1 Bc6 17. Re1 e5 18. Nd2 Nxd2 19. Bxd2 Rac8 20. Rab1 e6 21. Be3 Bxe4 22. Qxe4 Qc6 23. Qxc6 Rxc6 24. Rbd1 Rfc8 25. Rd7 R8c7 26. Rd8+ Kf7 27. Red1 Re7 28. R8d7 Rc7 29. Rd8 h6 30. c4 b6 31. b3 g5 32. Kf1 e4 33. Ke2 Bc3 34. f3 exf3+ 35. Kxf3 Kg7 36. Kg4 Rf7 37. g3 Bf6 38. Kh5 Bxd8 0-1

[Event "Foment Martinenc op-B 21st"]
[Site "Barcelona"]
[Date "2019.05.18"]
[Round "4"]
[White "Petit Vidal, Enric"]
[Black "Gonzalez Muelas, Javier"]
[Result "0-1"]
[WhiteElo "1264"]
[BlackElo "1608"]
[PlyCount "72"]
[EventDate "2019.04.27"]
[EventType "swiss"]
[EventRounds "9"]
[EventCountry "ESP"]
[SourceTitle "EXT 2020"]
[Source "ChessBase"]
[SourceDate "2019.10.17"]
[SourceVersion "1"]
[SourceVersionDate "2019.10.17"]
[SourceQuality "1"]

1. d4 e6 2. e4 d5 3. e5 c5 4. c3 Nc6 5. Nf3 Qb6 6. Qb3 Qxb3 7. axb3 cxd4 8. cxd4 Nge7 9. Nc3 Nf5 10. Be3 Bb4 11. Bb5 Bd7 12. 0-0 0-0 13. Bd3 Nfe7 14. Ng5 h6 15. Nf3 Rfc8 16. Nb5 Rd8 17. Rfc1 a6 18. Nc3 Rdc8 19. Na4 Na5 20. Nd2 Bxd2 21. Rxc8+ Nxc8 22. Bxd2 Nxb3 23. Nc5 Nxa1 24. Nxd7 b6 25. b4 Nb3 26. Be3 a5 27. h3 a4 28. Bc2 Ra7 29. Nb8 Rc7 30. Bb1 b5 31. Na6 Rc3 32. Kf1 a3 33. Ke1 Nb6 34. Nc5 Nc4 35. Nxb3 Rxb3 36. Ba2 Rb2 0-1

[Event "Foment Martinenc op-B 21st"]
[Site "Barcelona"]
[Date "2019.05.11"]
[Round "3"]
[White "Petit Vidal, Enric"]
[Black "Pinyol I Llora, Julia"]
[Result "1-0"]
[WhiteElo "1264"]
[BlackElo "1611"]
[PlyCount "201"]
[EventDate "2019.04.27"]
[EventType "swiss"]
[EventRounds "9"]
[EventCountry "ESP"]
[SourceTitle "EXT 2020"]
[Source "ChessBase"]
[SourceDate "2019.10.17"]
[SourceVersion "1"]
[SourceVersionDate "2019.10.17"]
[SourceQuality "1"]

1. d4 d5 2. c4 e6 3. Nf3 Nf6 4. Bf4 Be7 5. Nc3 b6 6. e3 Bb7 7. Be2 0-0 8. 0-0 Nh5 9. Bg3 Nxg3 10. hxg3 dxc4 11. Bxc4 Nd7 12. Qc2 Nf6 13. Rfd1 Bb4 14. Ne2 Ne4 15. a3 Bd6 16. Bd3 f5 17. Rac1 Qe7 18. Nc3 Ng5 19. Ne5 Rf6 20. f4 Nf7 21. e4 fxe4 22. Nxe4 Bxe4 23. Bxe4 Rf8 24. Bxh7+ Kh8 25. Ng6+ Rxg6 26. Qxg6 Nh6 27. Qd3 c5 28. Be4 cxd4 29. b4 e5 30. f5 Qg5 31. Rc6 Rf6 32. Rc8+ Kh7 33. Rf1 Ng4 34. Qb3 Bf8 35. Bf3 Ne3 36. Re1 Qxg3 37. Rxe3 dxe3 38. Qxe3 a5 39. Qf2 Qxf2+ 40. Kxf2 axb4 41. axb4 Bxb4 42. Be4 Bc5+ 43. Kf3 b5 44. Rxc5 b4 45. Rb5 g6 46. g4 Kg7 47. Rxb4 gxf5 48. Bxf5 Rd6 49. Ke4 Kf6 50. Rc4 Rb6 51. Rc5 Rb4+ 52. Kd5 Rd4+ 53. Kc6 e4 54. Rc3 Ke5 55. Re3 Kf4 56. Re1 e3 57. Kc5 Rd8 58. Kc4 Rd6 59. Kc3 Rd8 60. Rf1+ Kg5 61. Rg1 e2 62. Re1 Re8 63. Kd2 Re7 64. Rxe2 Rxe2+ 65. Kxe2 Kf4 66. Kd3 Kg5 67. Ke4 Kf6 68. Kf4 Kg7 69. Kg5 Kf7 70. Kh6 Kg8 71. g5 Kf8 72. g6 Kg8 73. g7 Kf7 74. Kh7 Kf6 75. g8R Kxf5 76. Rg6 Kf4 77. Kh6 Kf5 78. Kh5 Ke5 79. Kg5 Ke4 80. Rf6 Ke5 81. Kg6 Kd5 82. Kf5 Kd4 83. Re6 Kd5 84. Kf6 Kc5 85. Ke5 Kc4 86. Rd6 Kc5 87. Ke6 Kc4 88. Rd5 Kc3 89. Ke5 Kc4 90. Ke4 Kc3 91. Rd4 Kc2 92. Rd3 Kc1 93. Ke3 Kc2 94. Ke2 Kc1 95. Rd2 Kb1 96. Kd3 Kc1 97. Kc3 Kb1 98. Rc2 Ka1 99. Kb4 Kb1 100. Kb3 Ka1 101. Rc1# 1-0

[Event "Foment Martinenc op-B 21st"]
[Site "Barcelona"]
[Date "2019.05.04"]
[Round "2"]
[White "Mena Barberan, Joan Pere"]
[Black "Petit Vidal, Enric"]
[Result "1-0"]
[WhiteElo "1647"]
[BlackElo "1264"]
[PlyCount "69"]
[EventDate "2019.04.27"]
[EventType "swiss"]
[EventRounds "9"]
[EventCountry "ESP"]
[SourceTitle "EXT 2020"]
[Source "ChessBase"]
[SourceDate "2019.10.17"]
[SourceVersion "1"]
[SourceVersionDate "2019.10.17"]
[SourceQuality "1"]

1. d4 d5 2. c4 c6 3. cxd5 cxd5 4. Bf4 Nc6 5. e3 Nf6 6. Bd3 e6 7. Nc3 Bd6 8. Bxd6 Qxd6 9. f4 0-0 10. Nf3 Nb4 11. Be2 Bd7 12. 0-0 Rac8 13. a3 Nc6 14. Bd3 Na5 15. Ne5 Be8 16. Rc1 a6 17. Rf3 Nc4 18. Rh3 h6 19. Qe2 b5 20. g4 b4 21. axb4 Qxb4 22. Bxc4 dxc4 23. g5 Nd5 24. Nxd5 exd5 25. gxh6 f6 26. hxg7 fxe5 27. gxf8Q+ Kxf8 28. fxe5 Rc7 29. Rf1+ Ke7 30. Qg2 Qb5 31. Rh7+ Kd8 32. Qg5+ Kc8 33. Rxc7+ Kxc7 34. Qe7+ Bd7 35. e6 1-0

[Event "Foment Martinenc op-B 21st"]
[Site "Barcelona"]
[Date "2019.04.27"]
[Round "1"]
[White "Sanchez Coves, Juan Josep"]
[Black "Petit Vidal, Enric"]
[Result "0-1"]
[WhiteElo "1597"]
[BlackElo "1264"]
[PlyCount "50"]
[EventDate "2019.04.27"]
[EventType "swiss"]
[EventRounds "9"]
[EventCountry "ESP"]
[SourceTitle "EXT 2020"]
[Source "ChessBase"]
[SourceDate "2019.10.17"]
[SourceVersion "1"]
[SourceVersionDate "2019.10.17"]
[SourceQuality "1"]

1. e4 c5 2. Nc3 Nc6 3. Bb5 a6 4. Bxc6 bxc6 5. d3 e5 6. Nf3 d6 7. Ne2 Nf6 8. c3 Be7 9. Ng3 Rb8 10. Nf5 Bxf5 11. exf5 Qc8 12. Qa4 0-0 13. g4 Nd5 14. h4 Re8 15. Ng5 Nf4 16. Qe4 d5 17. Qf3 Bd6 18. Rb1 h6 19. Bxf4 exf4+ 20. Kd2 Rb7 21. Nh3 Qb8 22. Kc2 Rbe7 23. g5 Re2+ 24. Kc1 Qb5 25. gxh6 Qa4 0-1

[Event "Foment Martinenc op-C 20th"]
[Site "Barcelona"]
[Date "2018.05.05"]
[Round "3"]
[White "Poyan Cobelli, Alex"]
[Black "Petit Vidal, Enric"]
[Result "0-1"]
[WhiteElo "1511"]
[BlackElo "1716"]
[PlyCount "48"]
[EventDate "2018.04.21"]
[EventType "swiss"]
[EventRounds "9"]
[EventCountry "ESP"]
[SourceTitle "CBM 184 Extra"]
[Source "ChessBase"]
[SourceDate "2018.06.28"]
[SourceVersion "1"]
[SourceVersionDate "2018.06.28"]
[SourceQuality "1"]

1. e4 e5 2. Nf3 Nc6 3. d4 exd4 4. Nxd4 Bc5 5. Nxc6 bxc6 6. Nc3 Ne7 7. Bc4 0-0 8. 0-0 Ng6 9. Bd2 a5 10. a4 Ba6 11. Qe2 Bxc4 12. Qxc4 Qe7 13. Rad1 Ne5 14. Qe2 Rfe8 15. Bf4 Rab8 16. Rb1 Rb4 17. Rfd1 d6 18. Qa6 Bb6 19. b3 Ng4 20. Bg3 Qf6 21. Qe2 Qxc3 22. Bf4 Rbxe4 23. Qxg4 Re1+ 24. Rxe1 Rxe1+ 0-1